Central Library OPAC University of Rajshahi

Sexual reproduction / (Record no. 54142)

MARC details
000 -LEADER
fixed length control field 00665nam a2200229 a 4500
001 - CONTROL NUMBER
control field 54142
003 - CONTROL NUMBER IDENTIFIER
rucl marc code BD-RjUL
005 - DATE AND TIME OF LATEST TRANSACTION
control field 20211209080058.0
008 - FIXED-LENGTH DATA ELEMENTS--GENERAL INFORMATION
fixed length control field 160211s1963 nyua 000 0 eng
035 ## - SYSTEM CONTROL NUMBER
System control number (BD-RjUL)54264
040 ## - CATALOGING SOURCE
Original cataloging agency DLC
Transcribing agency CMC
Modifying agency BD-RjUL
-- BD-RjUL
Language of cataloging eng
041 ## - LANGUAGE CODE
Language code of text/sound track or separate title eng
082 ## - DEWEY DECIMAL CLASSIFICATION NUMBER
Edition number 23
Classification number 612.6
Author mark and year GAS 1963
100 1# - MAIN ENTRY--PERSONAL NAME
Personal name Gallien, Louis
9 (RLIN) 161640
245 10 - TITLE STATEMENT
Title Sexual reproduction /
Statement of responsibility, etc. Louis Gallien.
260 ## - PUBLICATION, DISTRIBUTION, ETC. (IMPRINT)
Place of publication, distribution, etc. New York :
Name of publisher, distributor, etc. Walker,
Date of publication, distribution, etc. c1963
300 ## - PHYSICAL DESCRIPTION
Pagination 146 p. :
Illustrations illus. ;
Size 22 cm.
500 ## - GENERAL NOTE
General note First published in London in 1964 under title: Sex.
650 #0 - SUBJECT ADDED ENTRY--TOPICAL TERM
Topical term or geographic name as entry element Reproduction.
9 (RLIN) 161641
Topical term or geographic name as entry element Sexual intercourse.
9 (RLIN) 161642
942 ## - ADDED ENTRY ELEMENTS (KOHA)
Source of classification or shelving scheme Dewey Decimal Classification
Koha item type Books
Holdings
Lost status Source of classification or shelving scheme Damaged status Not for loan Collection code Permanent Location Current Location Shelving location Date acquired Source of acquisition Cost, normal purchase price Total Checkouts Full call number Date last seen Copy number Koha item type
  Dewey Decimal Classification     Non-fiction Central Library, University of Rajshahi Central Library, University of Rajshahi   11/05/1967 Mirga Book 19.75   612.6 GAS 1963 02/11/2016 C-2 Books
  Dewey Decimal Classification     Non-fiction Central Library, University of Rajshahi Central Library, University of Rajshahi   22/06/1966 Asia Foundation san Francisco. California. U:S.A.     612.6 GAS 1963 20/11/2018 C-3 Books